| 000 | 00765cam a2200217 4500 | ||
|---|---|---|---|
| 001 | WB3549-19 | ||
| 008 | 000000n1999 000 0 eng u | ||
| 035 | _a(Sirsi) u103139 | ||
| 245 | 2 | _aA call for sustainable development | |
| 260 | _c1999 | ||
| 490 |
_aFinancial Times _v13 December 1999, 2-4(3) (LOAN) |
||
| 520 | _aA feature on sustainable development, looking at managers' responsibilities to ensure that their business strategies take account of issues such as sustainability and environmental and social impact. | ||
| 590 | _aWB | ||
| 650 | _aSUSTAINABLE DEVELOPMENT | ||
| 650 | _aENVIRONMENTAL IMPACT | ||
| 650 | _aSOCIAL COSTS | ||
| 650 | _aMANAGERS | ||
| 650 | _aBUSINESS STRATEGIES | ||
| 690 | _aPROPERTY-PROPERTY DEVELOPMENT | ||
| 942 | _n0 | ||
| 999 |
_c61989 _d61989 |
||